Los límites de la historia natural : hacia una nueva biología del conocimineto /
La presente obra que aborda la biología del conocimiento se compone de dos apartados centrales: Bases naturalistas del conocimiento; Los confines de la selección natural y El comportamiento naturalista; La ética como etología.
Guardat en:
| Autor principal: | |
|---|---|
| Format: | Llibre |
| Idioma: | espanyol |
| Publicat: |
Madrid, España :
Akal,
2003, c2003
|
| Col·lecció: | (Akal Historia del Pensamiento y la Cultura ;
64) |
| Matèries: | |
| Etiquetes: |
Sense etiquetes, Sigues el primer a etiquetar aquest registre!
|
MARC
| LEADER | 00000nam^a2200000^a^4500 | ||
|---|---|---|---|
| 001 | 000153098 | ||
| 005 | 20250521000000.0 | ||
| 009 | 20260310100308.991 | ||
| 020 | |a 84-460-1881-0 | ||
| 037 | |a Acervo ITESO - Biblioteca | ||
| 041 | |a ESP | ||
| 082 | |a 575. 01 |b CAS | ||
| 100 | |a Castrodeza, Carlos |e (autor) | ||
| 245 | 1 | 4 | |a Los límites de la historia natural : |b hacia una nueva biología del conocimineto / |c C. Castrodeza. |
| 264 | 4 | |a Madrid, España : |b Akal, |c 2003, c2003 | |
| 300 | |a 80 p. | ||
| 336 | |a texto |b txt |2 rdacontenido | ||
| 337 | |a sin mediación |b n |2 rdamedio | ||
| 338 | |a volumen |b nc |2 rdasoporte | ||
| 440 | 1 | |a (Akal Historia del Pensamiento y la Cultura ; |v 64) | |
| 520 | |a La presente obra que aborda la biología del conocimiento se compone de dos apartados centrales: Bases naturalistas del conocimiento; Los confines de la selección natural y El comportamiento naturalista; La ética como etología. | ||
| 649 | |a XX | ||
| 650 | |a Evolución - |x Teoría | ||
| 650 | |a Genética | ||
| 650 | |a Física | ||
| 650 | |a Género | ||
| 650 | |a Biología | ||
| 650 | |a Historia Natural | ||
| 650 | |a Naturaleza | ||
| 650 | |a Ciencias Naturales | ||
| 650 | |a Ciencia - |x Difusión | ||
| 650 | |a Bioética | ||
| 650 | |a Filosofía de la Naturaleza | ||
| 650 | |a Epistemología | ||
| 910 | |a Fondo General | ||
| 920 | |a Impresos - Libros | ||
| 930 | |a Colección General | ||
| 905 | |a 101 | ||
| 901 | |a 0500081562 |b IT1 |c ACC |u 20250521 | ||
| 902 | |a https://opac.biblio.iteso.mx/vufind/Record/000153098 | ||